1194 1466 1087 1963 1909 1800 1664 1343 1499 1731 1769 1956 1531 1333 1817 1766 1245 1733 1606 1726 1639 1441 1988 1210 1343 1234 1780 1216 1964 1894 1561 1790 1891 1138 1218 1012 1390 1160 1236 1863 1311 1692 1286 1401 1458 1029 1954 1824 1342 1342 1826 1417 1807 1593 1949 1623 1554 1350 1223 1089 1045 1700 1938 1844 1485 1840 1539 1527 1835 1389 1576 1043 1327 1970 1145 1232 1177 1189 1455 1394 1217 1250 1490 1102 1898 1108 1504 1604 1546 1382 1632 1882 1546 1924 1103 1941 1551 1077 1969 BCNSPRNW ULIB Ver.6.0+V

เปลี่ยนเป็นภาษาไทย

Change to English
 แสดงรายละเอียดบรรณานุกรม
  กลับหน้าหลัก

Brief Record : Get Marc (ISO 2709) : E-mail record : QR code < ปิดหน้าต่าง
LEADER : 00000nam 2200000uu 4500
001    13399114485
003     ULIB
008    120405s2550||||th 000 0 tha d
020    ^a9749299353
020    ^a9789749299357
050  4 ^aPE1128^bส698A 2550
100 0  ^aสำราญ คำยิ่ง
245 10 ^aAdvanced English grammar for high learners. /^cสำราญ คำยิ่ง
260    ^aกรุงเทพฯ :^bห้างหุ้นส่วนจำกัด วี.เจ.พริ้นติ้ง,^c2550
300    ^a688 หน้า ;^c27 ซม.
500    ^aSend to Single Search
650  4 ^aภาษาอังกฤษ^xการศึกษาและการสอน.
650  4 ^aภาษาอังกฤษ^xไวยากรณ์
945    ^p160^l0^i14207
945    ^p0^l0^i14208
995    ^aกัณชพร
999 ^a ใช้งานได้ทุกระบบ
รายการนี้ยังไม่มีแท็ก
คุณยังไม่ได้ล็อกอิน คุณสามารถมีกิจกรรมร่วมกับเว็บไซต์ได้ แต่ต้องล็อกอินก่อน ::
  ล็อกอิน

รายการสื่อสารสนเทศ

ลำดับที่ ประเภท เลขเรียก/บาร์โค้ด สถานที่ สถานะ
1. การศึกษาทั่วไป
การศึกษาทั่วไป
PE1128 ส698A 2550 ฉ.2 
  Barcode: 14208
ห้องสมุดวิทยาเขตสวรรค์ประชารักษ์
►หนังสือทั่วไป
บนชั้น

รายการใกล้เคียง
    ผู้แต่ง [สำราญ คำยิ่ง]

BibComment


ยังไม่เคยถูกคอมเมนท์

คอมเมนท์ทรัพยากรรายการนี้
  คอมเมนท์: Advanced English..


 Copyright 2026. Bcnsprnw @Library